Once upon a moontime: (Record no. 60991)

MARC details
000 -LEADER
fixed length control field 00523nam a22001577a 4500
005 - DATE AND TIME OF LATEST TRANSACTION
control field 20120116153854.0
020 ## - INTERNATIONAL STANDARD BOOK NUMBER
International Standard Book Number 9788189020347
Terms of availability 80.00
037 ## - SOURCE OF ACQUISITION
Stock number DPL
Source of stock number/acquisition PUB
082 ## - DEWEY DECIMAL CLASSIFICATION NUMBER
Classification number S
245 ## - TITLE STATEMENT
Title Once upon a moontime:
Statement of responsibility, etc prestnted by Mamang dai; art by nimret handa
Remainder of title from the magical story world of arunachal pradesh /
260 ## - PUBLICATION, DISTRIBUTION, ETC. (IMPRINT)
Place of publication, distribution, etc New Delhi
Name of publisher, distributor, etc Katha
270 ## - ADDRESS
Address A3 Sarvodaya Enclave, Sri Aurbindo Marg
City New Delhi
Postal code 110017
300 ## - PHYSICAL DESCRIPTION
Extent unpaged.
Other physical details col.ill
Dimensions 12cm (pbk)
942 ## - ADDED ENTRY ELEMENTS (KOHA)
Source of classification or shelving scheme Dewey Decimal Classification
Item type Children Books
Classification part S
Call number suffix ONC

No items available.


© Delhi Public Library
Hit Counter
free hit counter